| 000 | 00423ntaaa2200181 4500 | ||
|---|---|---|---|
| 003 | 01 | ||
| 005 | 20251027201850.0 | ||
| 008 | 0714s1973 ag 01 | ||
| 040 |
_aAR-BaBN _bspa _cAR-BaBN _eaacr _dRIC |
||
| 082 | _a244.0000 D74 | ||
| 100 | _aDouglas, Lloyd C. | ||
| 245 | _aEl manto sagrado | ||
| 250 | _a1 ed. | ||
| 260 |
_aBuenos Aires : _bAbril, _c1951 |
||
| 300 | _a622 p | ||
| 650 | _anovelas religiosas | ||
| 942 | _cBK | ||
| 999 |
_c13352 _d13352 |
||